000 00455nam a2200181Ia 4500
001 13345
008 140402s9999 xx 000 0 und d
020 _a0-471-57287-x
040 _cPK-LaUMT
082 _a 657.42
_bHIC-A
100 _aHicks, Douglas T.
245 _aActivity-Based costing for small and mid-sized businesses :
_cHicks, Douglas T.
260 _c1992
300 _a312 p.
546 _aEN
650 _aCost accounting
942 _cBK
999 _c14026
_d14026